000 00565nam a2200229Ia 4500
003 OSt
005 20220924144529.0
006 a|||||r|||| 00| 0
007 ta
008 220923b |||||||| |||| 00| 0 urd d
024 _a315343
037 _cTextual
040 _aARTS
_cARTS
_burd
041 _2urd
_aurd
082 _aO168,1N461x, L8
100 _aInayati Azhar
_9217796
245 0 _aKhud kalami
260 _c1978
650 _aURDU POETRY
942 _hO168,1N461x, L8
_cTEXL
_2CC
999 _c457342
_d457342